Practical JavaScript for the usable web (Record no. 6425)
[ view plain ]
| 000 -LEADER | |
|---|---|
| fixed length control field | 00455 a2200157 4500 |
| 020 ## - INTERNATIONAL STANDARD BOOK NUMBER | |
| International Standard Book Number | 1-904151-05-1 |
| 040 ## - CATALOGING SOURCE | |
| Original cataloging agency | DLC |
| Language of cataloging | DLC |
| 100 1# - MAIN ENTRY--PERSONAL NAME | |
| Personal name | Wilton, Paul |
| 245 00 - TITLE STATEMENT | |
| Title | Practical JavaScript for the usable web |
| Statement of responsibility, etc. | Paul Wilton, Stephen Williams and Sing Li |
| 260 ## - PUBLICATION, DISTRIBUTION, ETC. | |
| Place of publication, distribution, etc. | Birmingham : |
| Name of publisher, distributor, etc. | glasshaus, |
| Date of publication, distribution, etc. | cop. 2002 |
| 300 ## - PHYSICAL DESCRIPTION | |
| Extent | v, 391 s, : |
| Other physical details | ill. |
| 440 #0 - SERIES STATEMENT/ADDED ENTRY--TITLE | |
| Title | Tools of the trade |
| 700 1# - ADDED ENTRY--PERSONAL NAME | |
| Personal name | Williams, Stephen |
| 700 1# - ADDED ENTRY--PERSONAL NAME | |
| Personal name | Li, Sing |
| 942 ## - ADDED ENTRY ELEMENTS (KOHA) | |
| Koha item type | Book |
| Call number prefix | 005.2762 WIL |
| Source of classification or shelving scheme | |
| Withdrawn status | Lost status | Damaged status | Not for loan | Collection code | Permanent Location | Current Location | Shelving location | Date acquired | Source of acquisition | Cost, normal purchase price | Total Checkouts | Full call number | Barcode | Date last seen | Date last checked out | Price effective from | Koha item type |
|---|---|---|---|---|---|---|---|---|---|---|---|---|---|---|---|---|---|
| Central Library (CL) | Central Library (CL) | First Floor - Software Engineering/ Programming Language | 09/02/2003 | New Public Book | 2507.85 | 1 | 005.2762 WIL | SEECS003789 | 01/28/2020 | 06/18/2019 | 01/05/2017 | Book |
